[Event "Elitserien(Astorp-Farsta)"]
[Site "?"]
[Date "2005.??.??"]
[Round "11"]
[White "Sandklef, Ake"]
[Black "Svensk, Ingemar"]
[Result "1/2-1/2"]
[WhiteElo "1889"]
[BlackElo "2292"]
[PlyCount "97"]

1. d4 Nf6 2. c4 e6 3. Nc3 d5 4. Bg5 Be7 5. e3 O-O 6. Nf3 Nbd7 7. Rc1 c6 8. Bd3
dxc4 9. Bxc4 Nd5 10. Bxe7 Qxe7 11. O-O Nxc3 12. Rxc3 e5 13. dxe5 Nxe5 14. Nxe5
Qxe5 15. f4 Qe4 16. Bb3 Be6 17. Bc2 Qb4 18. Qb1 f5 19. Rd1 Rad8 20. Rcd3 Rxd3
21. Rxd3 Bd5 22. Rd4 Qe7 23. Qc1 Qe6 24. a3 Re8 25. Rd3 a5 26. Qd2 b6 27. Qc3
Kf7 28. h3 h6 29. Bd1 Kf8 30. Bh5 Ra8 31. Bd1 Re8 32. Bh5 Re7 33. Kf2 Kg8 34.
Bd1 a4 35. Bf3 Bxf3 36. Kxf3 Qe4+ 37. Kf2 b5 38. Rd6 Re6 39. Rd4 Qb1 40. Rd8+
Kh7 41. g4 Rg6 42. Qe5 fxg4 43. Qe8 Qxb2+ 44. Ke1 Qa1+ 45. Ke2 Qa2+ 46. Kf1
Qa1+ 47. Kf2 Qa2+ 48. Kf1 Qa1+ 49. Ke2 1/2-1/2

[Event "Elitserien(Skara-Sollentuna)"]
[Site "?"]
[Date "2005.??.??"]
[Round "11"]
[White "Gausel, Einar"]
[Black "Agrest, Evgenij"]
[Result "0-1"]
[WhiteElo "2588"]
[BlackElo "2682"]
[PlyCount "64"]

1. d4 Nf6 2. Nf3 d5 3. c4 e6 4. e3 a6 5. b3 Bb4+ 6. Nbd2 c5 7. Bb2 cxd4 8. exd4
Nc6 9. Bd3 b6 10. O-O Bb7 11. a3 Bd6 12. Qe2 Ne7 13. Ne5 Ng6 14. f4 O-O 15. Qe3
Rc8 16. a4 Rc7 17. Rae1 Bb4 18. Re2 Ne7 19. Qh3 Bxd2 20. Rxd2 Ne4 21. Bxe4 dxe4
22. Ng4 f5 23. Ne3 Rd7 24. Rfd1 Ng6 25. g3 e5 26. Nxf5 exf4 27. d5 e3 28. Re2
Bc6 29. Qh5 Rdf7 30. Nd4 Qd6 31. Qf3 Ne5 32. Qe4 f3 0-1

[Event "Elitserien(Skara-Sollentuna)"]
[Site "?"]
[Date "2005.??.??"]
[Round "11"]
[White "Carlsson, Pontus"]
[Black "Winsnes, Rikard"]
[Result "0-1"]
[WhiteElo "2550"]
[BlackElo "2506"]
[PlyCount "71"]

1. e4 c5 2. Nf3 d6 3. d4 cxd4 4. Nxd4 Nf6 5. Nc3 g6 6. Be3 Bg7 7. f3 Nc6 8. Qd2
O-O 9. O-O-O d5 10. exd5 Nxd5 11. Nxc6 bxc6 12. Bd4 Nxc3 13. Qxc3 Bh6+ 14. Be3
Bxe3+ 15. Qxe3 Qb6 16. Qxe7 Be6 17. Qa3 Rad8 18. Bd3 Rd5 19. Rhe1 Ra5 20. Qc3
Rxa2 21. b3 Ra5 22. Rxe6 fxe6 23. Bc4 Re8 24. Kb2 Qc7 25. Re1 Qg7 26. Bxe6+ Kf8
27. Qxg7+ Kxg7 28. Re4 Kf6 29. Bd5 Rxe4 30. Bxe4 Rc5 31. b4 Rb5 32. c3 c5 33.
Kb3 cxb4 34. Kc4 Rh5 35. Kxb4 Rxh2 36. Kc5 0-1

[Event "Elitserien(Skara-Sollentuna)"]
[Site "?"]
[Date "2005.??.??"]
[Round "11"]
[White "Djurhuus, Rune"]
[Black "Couso, Luis"]
[Result "1/2-1/2"]
[WhiteElo "2588"]
[BlackElo "2447"]
[PlyCount "103"]

1. e4 e6 2. d4 d5 3. Nc3 dxe4 4. Nxe4 Bd7 5. Nf3 Bc6 6. Bd3 Nd7 7. c4 Ngf6 8.
Nc3 Bb4 9. O-O Bxc3 10. bxc3 O-O 11. Bg5 h6 12. Bh4 Qc8 13. Re1 Re8 14. Ne5
Nxe5 15. dxe5 Nd7 16. Qg4 Kh8 17. Re3 Rg8 18. Qf4 g5 19. Qxf7 Rg7 20. Qxe6 gxh4
21. Qxh6+ Kg8 22. Qe6+ Kh8 23. Rh3 Nf8 24. Rxh4+ Nh7 25. Qf6 Kg8 26. Bxh7+ Rxh7
27. Rxh7 Kxh7 28. Qh4+ Kg6 29. Qf6+ Kh7 30. Rd1 Qg4 31. f3 Qg6 32. Qh4+ Qh6 33.
Qe7+ Qg7 34. Qxg7+ Kxg7 35. Kf2 Rh8 36. h3 Kg6 37. Rd3 Kf5 38. Re3 Rh4 39. e6
Rxc4 40. g4+ Kf6 41. Kg3 Ra4 42. f4 Rxa2 43. g5+ Kg6 44. e7 Rg2+ 45. Kh4 Be8
46. Re6+ Kf7 47. f5 Rf2 48. g6+ Kg7 49. Kg5 Rg2+ 50. Kh5 Rf2 51. Kg5 Rg2+ 52.
Kh5 1/2-1/2

[Event "Elitserien(Skara-Sollentuna)"]
[Site "?"]
[Date "2005.??.??"]
[Round "11"]
[White "Dzevlan, Miralem"]
[Black "Ziegler, Ari"]
[Result "1/2-1/2"]
[WhiteElo "2440"]
[BlackElo "2416"]
[PlyCount "95"]

1. d4 Nf6 2. c4 c5 3. d5 e6 4. Nc3 exd5 5. cxd5 d6 6. Nf3 g6 7. e4 Bg7 8. Bf4
O-O 9. Nd2 Re8 10. Be2 a6 11. a4 Qc7 12. O-O Nbd7 13. h3 Ne5 14. Re1 Rb8 15.
Qc2 h6 16. Rab1 g5 17. Bg3 g4 18. hxg4 Bxg4 19. Nf1 Bd7 20. Ne3 b5 21. axb5
axb5 22. b4 cxb4 23. Rxb4 Rec8 24. Rc1 Qa5 25. Qb3 Nc4 26. Nf1 Ne8 27. Rc2 Na3
28. Rc1 Rc5 29. e5 Nc7 30. Na2 Rxc1 31. Nxc1 Nxd5 32. Rd4 Nc3 33. Rxd6 Be6 34.
Rxe6 Nxe2+ 35. Nxe2 fxe6 36. Qxe6+ Kh8 37. Nf4 Qb6 38. Qf7 Nc4 39. Ng6+ Kh7 40.
e6 Nd6 41. Bxd6 Qxd6 42. Ne3 Ra8 43. g3 Qc6 44. Ne7 Ra1+ 45. Nf1 Rxf1+ 46. Kxf1
Qh1+ 47. Ke2 Qe4+ 48. Kf1 1/2-1/2

[Event "Elitserien(Skara-Sollentuna)"]
[Site "?"]
[Date "2005.??.??"]
[Round "11"]
[White "Svensson, Sven"]
[Black "Lindberg, Bosse"]
[Result "1/2-1/2"]
[WhiteElo "2255"]
[BlackElo "2481"]
[PlyCount "82"]

1. d4 f5 2. g3 Nf6 3. Bg2 g6 4. Nf3 Bg7 5. O-O O-O 6. c4 d6 7. Nc3 h6 8. d5 c5
9. Ne1 Qe8 10. Nd3 Na6 11. f3 e5 12. e4 Nc7 13. a4 g5 14. exf5 Bxf5 15. Ne4 Qg6
16. Ndf2 Bxe4 17. Nxe4 Nxe4 18. fxe4 Rxf1+ 19. Qxf1 Rf8 20. Qe2 g4 21. Bd2 h5
22. Qe3 Na6 23. h3 Nb4 24. Bxb4 Bh6 25. Qd3 cxb4 26. hxg4 Qxg4 27. Rf1 Rxf1+
28. Kxf1 Bc1 29. b3 Qg5 30. Bh3 h4 31. Qf3 hxg3 32. Qg4 Kg7 33. Qxg5+ Bxg5 34.
Kg2 Bh4 35. Bc8 Kf6 36. Kf3 Kg5 37. Bh3 b6 38. Bg2 a6 39. Bf1 Kh5 40. Bh3 Kg6
41. Kg4 g2 1/2-1/2

[Event "Elitserien(Skara-Sollentuna)"]
[Site "?"]
[Date "2005.??.??"]
[Round "11"]
[White "Eriksson, Jonas"]
[Black "Andersson, Goran"]
[Result "0-1"]
[WhiteElo "2390"]
[BlackElo "2222"]
[PlyCount "71"]

1. d4 Nf6 2. c4 c5 3. d5 b5 4. cxb5 a6 5. b6 Qxb6 6. Nc3 g6 7. e4 d6 8. Nf3 Bg7
9. Nd2 Nbd7 10. a4 O-O 11. Nc4 Qc7 12. a5 Bb7 13. Be2 Rfe8 14. Bf4 Ne5 15. Ne3
e6 16. O-O exd5 17. exd5 Nfd7 18. Ra4 Rab8 19. Qd2 f5 20. h4 Rf8 21. h5 Bc8 22.
Rc1 Qd8 23. hxg6 hxg6 24. Nf1 Nf7 25. Nd1 g5 26. Bh2 Nde5 27. f4 gxf4 28. Bxf4
Ng6 29. Bh5 Nxf4 30. Qxf4 Be5 31. Qd2 Bd7 32. Rf4 Ng5 33. Ng3 Qf6 34. Nc3 Rxb2
35. Qxb2 Bxf4 36. Qb7 0-1

[Event "Elitserien(Skara-Sollentuna)"]
[Site "?"]
[Date "2005.??.??"]
[Round "11"]
[White "Mohammadi, Amir"]
[Black "Eriksson, Johan"]
[Result "0-1"]
[WhiteElo "2244"]
[BlackElo "2444"]
[PlyCount "154"]

1. e4 c5 2. Nc3 Nc6 3. g3 g6 4. Bg2 Bg7 5. d3 d6 6. f4 e6 7. Nf3 Nge7 8. O-O
O-O 9. Be3 Nd4 10. Qd2 Bd7 11. Rae1 Bc6 12. Qf2 e5 13. Qd2 Qd7 14. fxe5 dxe5
15. Bh6 f6 16. Bxg7 Kxg7 17. Rf2 Rad8 18. Qc1 b5 19. b3 a6 20. Nd1 Bb7 21. Ne3
Bc8 22. Nh4 Qd6 23. Kh1 Be6 24. Ref1 Rc8 25. c4 b4 26. Nd5 Nxd5 27. exd5 Bd7
28. Nf3 Rce8 29. Re1 Bg4 30. Nxd4 exd4 31. Bf3 Bf5 32. Be4 Bd7 33. Bf3 Re5 34.
Rxe5 fxe5 35. Qf1 Qf6 36. Kg1 Qg5 37. Qe1 Qe3 38. Qxe3 dxe3 39. Rf1 Bh3 40. Bg2
Rxf1+ 41. Bxf1 Bg4 42. Bg2 Be2 43. Be4 Kf6 44. Kg2 a5 45. Kg1 Ke7 46. Kg2 Kf6
47. Kg1 h6 48. Kg2 g5 49. Kg1 Ke7 50. Kg2 Kd6 51. Kg1 Bd1 52. Kf1 Bc2 53. Ke2
Bb1 54. Kxe3 Bxa2 55. Kd2 Bxb3 56. Kc1 a4 57. Kb2 Bd1 58. Bf5 Be2 59. Be4 Bg4
60. Ka2 Bd7 61. Kb2 Kc7 62. Ka2 Kb6 63. Kb2 Ka5 64. Ka2 Bg4 65. Bg6 Bd7 66. Be4
a3 67. Kb3 h5 68. Bg6 h4 69. Be4 hxg3 70. hxg3 Bg4 71. Bg6 Kb6 72. Be4 Kc7 73.
Bg6 Kd6 74. Be4 Bd1+ 75. Ka2 Bg4 76. Kb3 Bd1+ 77. Ka2 Bc2 0-1